000 00656nam a2200205Ia 4500
003 OSt
005 20250130112657.0
008 210210b1982 xxu||||| |||| 00| 0 eng d
040 _cAL
041 _aKannada
082 _aK894.9 MURV
100 _aMURTIRAV (E N)
_9130662
_dಮೂರ್ತಿರಾವ್(ಎ ಎನ್)
245 _aVimarshatmaka Prabandhagalu
_bವಿಮರ್ಶಾತ್ಮಕ ಪ್ರಬಂಧಗಳು
260 _aMaisuru
_bD V K Murti
_c1982
300 _aiv,161
650 _aHarate Prabandha Rediyonataka Rangabhumi Sakretis Parasikaru
_9130663
690 _aKannada Criticism
_9130664
906 _a041989
942 _2ddc
_cBK
999 _c91917
_d91917